[Event "LSS RC-2010-0-00053"]
[Site "LSS email"]
[Date "2010.10.30"]
[Round "?"]
[White "Cedric, Mitel"]
[Black "Bokros, Janos"]
[Result "0-1"]
[WhiteElo "1698"]
[BlackElo "1697"]
[PlyCount "50"]
[EventDate "2010.08.08"]
[EventType "tourn (corr)"]
[EventRounds "6"]
[EventCountry "GER"]
[SourceTitle "Corr 2013"]
[Source "ChessBase"]
[SourceDate "2012.11.12"]
[SourceVersion "1"]
[SourceVersionDate "2012.11.12"]
[SourceQuality "1"]

1. g3 e5 2. Bg2 Nc6 3. d3 Nf6 4. b3 Bc5 5. e3 d5 6. Bb2 Bg4 7. Ne2 0-0 8. h3 Be6 9. Nd2 Qd7 10. a3 Rfe8 11. Kf1 h6 12. Kg1 a6 13. Kh2 Rad8 14. b4 Ba7 15. Nf3 Qd6 16. Qd2 Bb6 17. Rhd1 Bf5 18. Nh4 Bh7 19. Qe1 Qe6 20. Rac1 Ba7 21. Nc3 Rd7 22. e4 dxe4 23. Nxe4 Nxe4 24. dxe4 Rxd1 25. Rxd1 Qa2 0-1

[Event "LSS RC-2010-0-00053"]
[Site "LSS email"]
[Date "2010.10.26"]
[Round "?"]
[White "Korinek, Jaroslav"]
[Black "Cedric, Mitel"]
[Result "1-0"]
[WhiteElo "1656"]
[BlackElo "1698"]
[PlyCount "57"]
[EventDate "2010.08.08"]
[EventType "tourn (corr)"]
[EventRounds "6"]
[EventCountry "GER"]
[SourceTitle "Telechess CBM 143"]
[Source "ChessBase"]
[SourceDate "2011.07.15"]
[SourceVersion "1"]
[SourceVersionDate "2011.07.15"]
[SourceQuality "1"]

1. e4 b6 2. d4 Bb7 3. Nc3 e6 4. Bd3 g6 5. Nf3 Bg7 6. 0-0 d6 7. d5 e5 8. a4 a6 9. b4 Nd7 10. Be3 Ne7 11. h4 h6 12. a5 b5 13. Nh2 0-0 14. h5 g5 15. Ra3 c6 16. dxc6 Nxc6 17. Rb3 Nf6 18. Ng4 Nxg4 19. Qxg4 Bc8 20. Qd1 Be6 21. Nd5 Bxd5 22. exd5 Nd4 23. Rb1 Rc8 24. Bxd4 exd4 25. Qg4 Qf6 26. Rfe1 Rfe8 27. Qd7 Red8 28. Qb7 Ra8 29. Re4 1-0

[Event "ZI-2010-0-00736"]
[Site "LSS email"]
[Date "2010.06.18"]
[Round "?"]
[White "Cedric, Mitel"]
[Black "Zasinets, Dima"]
[Result "0-1"]
[WhiteElo "1784"]
[BlackElo "1531"]
[PlyCount "50"]
[EventDate "2010.06.07"]
[EventType "match (corr)"]
[EventRounds "2"]
[EventCountry "GER"]
[SourceTitle "Telechess CBM 143"]
[Source "ChessBase"]
[SourceDate "2011.07.15"]
[SourceVersion "1"]
[SourceVersionDate "2011.07.15"]
[SourceQuality "1"]

1. b3 e5 2. Bb2 Nc6 3. e3 Nf6 4. h3 d5 5. d3 Bd6 6. Ne2 Be6 7. Nd2 0-0 8. a3 Qe7 9. g3 d4 10. e4 Nd7 11. Bg2 f5 12. exf5 Bxf5 13. 0-0 Rae8 14. b4 Nb6 15. Ne4 Qd7 16. Nxd6 cxd6 17. g4 Be6 18. Ng3 Nd5 19. c4 dxc3 20. Bxd5 cxb2 21. Bxe6+ Rxe6 22. Rb1 Nd4 23. Rxb2 Qc6 24. Rb1 Nf3+ 25. Kh1 Rh6 0-1

[Event "ZI-2010-0-00736"]
[Site "LSS email"]
[Date "2010.06.18"]
[Round "?"]
[White "Zasinets, Dima"]
[Black "Cedric, Mitel"]
[Result "1-0"]
[WhiteElo "1531"]
[BlackElo "1784"]
[PlyCount "53"]
[EventDate "2010.06.07"]
[EventType "match (corr)"]
[EventRounds "2"]
[EventCountry "GER"]
[SourceTitle "Telechess CBM 143"]
[Source "ChessBase"]
[SourceDate "2011.07.15"]
[SourceVersion "1"]
[SourceVersionDate "2011.07.15"]
[SourceQuality "1"]

1. d4 g6 2. c4 Bg7 3. Nc3 d6 4. e4 e5 5. Nf3 Nc6 6. d5 Nd4 7. Be3 Bg4 8. Be2 Bxf3 9. Bxf3 c5 10. dxc6 bxc6 11. b4 Ne7 12. Rb1 0-0 13. 0-0 Rb8 14. Qd3 Nxf3+ 15. gxf3 Nc8 16. b5 c5 17. a4 Qf6 18. Kg2 h6 19. Rg1 Qh4 20. a5 f5 21. exf5 Rxf5 22. Kh1 Qf6 23. Ne4 Qe6 24. Rbd1 Rxf3 25. Nxd6 Nxd6 26. Qxd6 Qxd6 27. Rxd6 1-0